MEDICINE UPDATE 2015 (Record no. 14092)

MARC details
000 -LEADER
fixed length control field 00248nam a22001217a 4500
003 - CONTROL NUMBER IDENTIFIER
control field SGT
082 ## - DEWEY DECIMAL CLASSIFICATION NUMBER
Classification number 616.024
Item number M15U
100 ## - MAIN ENTRY--PERSONAL NAME
Personal name UPADHYAY,RAJESH
245 ## - TITLE STATEMENT
Title MEDICINE UPDATE 2015
260 ## - PUBLICATION, DISTRIBUTION, ETC. (IMPRINT)
Place of publication, distribution, etc INDIA
Name of publisher, distributor, etc API
Year of Publication 2015
300 ## - PAGE DESCRIPTION
No. of Pages 1112
942 ## - ADDED ENTRY ELEMENTS (KOHA)
Source of classification or shelving scheme Dewey Decimal Classification
Koha item type Books
Holdings
Withdrawn status Lost status Source of classification or shelving scheme Damaged status Not for loan Collection code Home library Current library Shelving location Date acquired Vendor Name Volume Information (Serial or Books or Non-Book Material) SGTU Total Checkouts Full call number Accession No. (Barcode) Date last seen Bill Date Koha item type
    Dewey Decimal Classification     MEDICAL SGT Medical Library SGT Medical Library Text Book 21/12/2017 ABC DELHI 25 SGTU   616.024 M15U FM9004 21/12/2017 21/12/2017 Books
    Dewey Decimal Classification     MEDICAL SGT Medical Library SGT Medical Library Text Book 21/12/2017 ABC DELHI 25 SGTU   616.024 M15U FM9005 21/12/2017 21/12/2017 Books